000 00930nam a22002537a 4500
005 20150910123718.0
008 090728t xxu||||| |||| 00| 0 pun d
010 _aPUN- B-577955-958
020 _c60.00
_a9788126042913
035 _aPN- B-577955-958
037 _bDBAD / PUB
037 _bSahitya Akademi
037 _bBPPD/Ven/KBD
040 _adpl
_bpn
082 _a851
100 _aਚੱਕਰਵਰਤੀ,ਨੀਰੇਂਦਰਨਾਥ
245 _aਨੰਗਾ ਰਾਜਾ /
_cਨੀਰੇਂਦਰਨਾਥ ਚੱਕਰਵਰਤੀ
246 _aNanga Raja
_bby Nirender Nath Chakravarti
260 _aNew Delhi
_bSahitya Prakashan
_c2014
270 _bNew Delhi
_a35, ਫ਼ਿਰੋਜ਼ਸ਼ਾਹ ਮਾਰਗ ਨਈ ਦਿੱਲੀ
_e110001
300 4 _a58p.
_c22ਸੇਂਮੀ (ਸਜਿਲੱਦ)
942 _2ddc
_cPN
_h851
_mਚੱਕਰ
999 _c88113
_d88113